| 000 | 00362nam a22001337a 4500 | ||
|---|---|---|---|
| 005 | 20251105163558.0 | ||
| 008 | 251105b |||||||| |||| 00| 0 eng d | ||
| 020 | _a9781921573118 | ||
| 050 |
_aT58.6 _b.E8 |
||
| 100 | _aHandley, Jeff | ||
| 245 |
_aEnterprise Architecture Best Practice Handbook _cJeff Handley |
||
| 300 |
_a120p. _bill. _c29.5cm |
||
| 942 |
_2lcc _cBK _n0 |
||
| 999 |
_c8087 _d8087 |
||